Cơ sở vật lí
Сохранить в:
| Главный автор: | |
|---|---|
| Формат: | |
| Язык: | Undetermined |
| Опубликовано: |
Hà Nội
Giáo dục
2006
|
| Предметы: | |
| Метки: |
Добавить метку
Нет меток, Требуется 1-ая метка записи!
|
| Thư viện lưu trữ: | Trung tâm Học liệu Trường Đại học Cần Thơ |
|---|
| LEADER | 00613nam a2200193Ia 4500 | ||
|---|---|---|---|
| 001 | CTU_124972 | ||
| 008 | 210402s9999 xx 000 0 und d | ||
| 020 | |c 47000 | ||
| 082 | |a 530 | ||
| 082 | |b H188/T2 | ||
| 100 | |a Halliday, David | ||
| 245 | 0 | |a Cơ sở vật lí | |
| 245 | 0 | |c David Halliday, Jearl Walker, Robert Resnick ; Chủ biên: Ngô Quốc Quýnh, Hoàng Hữu Thư ; Người dịch: Phan Văn Thích | |
| 260 | |a Hà Nội | ||
| 260 | |b Giáo dục | ||
| 260 | |c 2006 | ||
| 650 | |a Physics | ||
| 904 | |i Giang | ||
| 980 | |a Trung tâm Học liệu Trường Đại học Cần Thơ | ||